Movies by the Wide Shot III Quiz Stats

Quiz Updated Nov 19, 2017

Challenge
Share
Tweet
Score 0/25 Timer 07:00
0 Plays Today
% Correct
Star Wars: Episode I – The Phantom Menace
90.6%
Rocky
89.5%
Finding Nemo
86.1%
Raiders of the Lost Ark
75.1%
Iron Man
74.1%
The Truman Show
66%
Ratatouille
63.8%
Saving Private Ryan
61.6%
X-Men
60.5%
E.T. the Extra-Terrestrial
60.4%
Planes, Trains & Automobiles
59.1%
The King's Speech
56.5%
Harry Potter and the Prisoner of Azkaban
55.8%
% Correct
The Lord of the Rings: The Return of the King
41.5%
Oz the Great and Powerful
39.3%
Ant-Man
39.1%
Die Another Day
34%
The Theory of Everything
32.5%
Men in Black 3
30%
The Hunger Games: Catching Fire
29%
127 Hours
24.9%
Big Fish
22.5%
Vertigo
20.8%
The Warriors
19.3%
Drive
18.1%

You're not logged in!

Compare scores with friends on all Sporcle quizzes.
Sign Up with Email
OR
Log In

You Might Also Like...

Show Comments

Extras

Top Quizzes Today


Score Distribution

Your Account Isn't Verified!

In order to create a playlist on Sporcle, you need to verify the email address you used during registration. Go to your Sporcle Settings to finish the process.

Report this User

Report this user for behavior that violates our Community Guidelines.

Details: